000 00491nam a2200169Ia 4500
008 090201s9999 xx 000 0 und d
010 _aKPL-47191
040 _bमराठी
041 _aमराठी
082 _a50772
_b47191
100 _aशैलजा राजे
245 _aललाट
_cशैलजा राजे
260 _c2006
_bनवचैतन्य प्रकाशन
300 _a153
_bमध्यम
600 _aललाट
942 _cBOOK
999 _c247294
_d247294